| 000 | 00841cab a2200277 4500 | ||
|---|---|---|---|
| 001 | WB3231-36 | ||
| 008 | 090401t1996 xxu||||| |||| 00| 0 eng d | ||
| 035 | _a(Sirsi) u69610 | ||
| 041 | _aeng | ||
| 245 | _aLondon offices could make way for homes | ||
| 260 | _c1996 | ||
| 350 | _a0 | ||
| 490 |
_aProperty Week _v56(6) 9 August 1996, 7(1) |
||
| 520 | _aExamines ways of creating the 60,000 residential units which are needed in London by using office land or converting offices. | ||
| 650 | _aALTERNATIVE USES | ||
| 650 | _aCENTEC | ||
| 650 | _aLONDON FIRST | ||
| 650 | _aLONDON OFFICE REVIEW PANEL | ||
| 650 | _aLONDON PLANNING ADVISORY COMMITTEE | ||
| 650 | _aLONDON PROPERTY RESEARCH | ||
| 650 | _aOFFICE BUILDINGS | ||
| 650 | _aRESIDENTIAL USE | ||
| 690 | _aHOUSING-DEVELOPMENT | ||
| 942 | _n0 | ||
| 948 | _c04/03/1997 | ||
| 999 |
_c43730 _d43730 |
||